| 000 | 00435nam a22001577a 4500 | ||
|---|---|---|---|
| 999 |
_c12533 _d12533 |
||
| 008 | 210205b ||||| |||| 00| 0 eng d | ||
| 082 | 0 | 0 |
_a621 _bC2874 |
| 100 |
_93658 _aCarmichael, Colin. |
||
| 245 | 1 | 0 |
_aKent's mechanical engineers' handbook, Vol-II _cby Colin. Carmichael (Ed.) |
| 250 | _a12th ed. | ||
| 260 |
_aNew York _bWiley _c1915 |
||
| 300 | _axii, 60p. | ||
| 365 | _d69.75 | ||
| 650 | 0 | _aMechanical Engineering | |
| 942 | _cBK | ||